Cooperativismo y Sindicalismo frente a la integración Centroaméricana /
Guardado en:
| Autores Corporativos: | , |
|---|---|
| Formato: | Texto |
| Publicado: |
s.l.:
ACI
|
| Etiquetas: |
Agregar Etiqueta
Sin Etiquetas, Sea el primero en etiquetar este registro!
|
MARC
| LEADER | 00000 a a2200000 04500 | ||
|---|---|---|---|
| 001 | 25349 | ||
| 003 | |||
| 040 | |||
| 090 | |a 181300 | ||
| 110 | |a Alianza Cooperativa Internacional | ||
| 245 | |a Cooperativismo y Sindicalismo frente a la integración Centroaméricana / |c Alianza Cooperativa Internacional | ||
| 260 | |a s.l.: |b ACI | ||
| 300 | |a 52 p |b **no definido** |b fonodiscos | ||
| 710 | |a ACI | ||
| 999 | |c 15937 |d 15937 | ||
